|
|
|
|
| LEADER |
02392nam a2200493 i 4500 |
| 001 |
EBC1346114 |
| 003 |
MiAaPQ |
| 005 |
20200520144314.0 |
| 006 |
m o d | |
| 007 |
cr cnu|||||||| |
| 008 |
140602t20132013gw ob 001 0 ger d |
| 020 |
|
|
|z 9783486714944
|
| 020 |
|
|
|a 9783486729740 (e-book)
|
| 035 |
|
|
|a (MiAaPQ)EBC1346114
|
| 035 |
|
|
|a (Au-PeEL)EBL1346114
|
| 035 |
|
|
|a (CaPaEBR)ebr10874787
|
| 035 |
|
|
|a (CaONFJC)MIL610317
|
| 035 |
|
|
|a (OCoLC)879550156
|
| 040 |
|
|
|a MiAaPQ
|b eng
|e rda
|e pn
|c MiAaPQ
|d MiAaPQ
|
| 043 |
|
|
|a e-uk-st
|
| 050 |
|
4 |
|a HC79.P6
|b .G76 2013
|
| 082 |
0 |
|
|a 339.46019
|2 23
|
| 100 |
1 |
|
|a Grundler, Jens,
|e author.
|
| 245 |
1 |
0 |
|a Armut und wahnsinn :
|b "arme Irre" und ihre familien im Spannungsfeld von psychiatrie und armenfursorge in Glasgow, 1875- 1921 /
|c Jens Grundler.
|
| 264 |
|
1 |
|a Munich, Germany :
|b Oldenbourg Verlag Munchen,
|c 2013.
|
| 264 |
|
4 |
|c 2013
|
| 300 |
|
|
|a 1 online resource (392 pages).
|
| 336 |
|
|
|a text
|2 rdacontent
|
| 337 |
|
|
|a computer
|2 rdamedia
|
| 338 |
|
|
|a online resource
|2 rdacarrier
|
| 490 |
1 |
|
|a Veroffentlichungen des Deutschen Historischen Instituts London ;
|v Band 72
|
| 490 |
1 |
|
|a Publications of the German Historical Institute London ;
|v Volume 72
|
| 504 |
|
|
|a Includes bibliographical references and index.
|
| 588 |
|
|
|a Description based on online resource; title from PDF title page (ebrary, viewed May 31, 2014).
|
| 590 |
|
|
|a Electronic reproduction. Ann Arbor, MI : ProQuest, 2015. Available via World Wide Web. Access may be limited to ProQuest affiliated libraries.
|
| 610 |
2 |
0 |
|a Woodilee Hospital (Glasgow, Scotland)
|
| 650 |
|
0 |
|a Poverty
|x Psychological aspects.
|
| 650 |
|
0 |
|a Psychiatry
|z Scotland
|x History.
|
| 655 |
|
4 |
|a Electronic books.
|
| 776 |
0 |
8 |
|i Print version:
|a Grundler, Jens.
|t Armut und wahnsinn : "arme Irre" und ihre familien im Spannungsfeld von psychiatrie und armenfursorge in Glasgow, 1875- 1921.
|d Munich, Germany : Oldenbourg Verlag Munchen, c2013
|h vii, 382 pages
|k Veroffentlichungen des Deutschen Historischen Instituts in London ; Band 72.
|z 9783486714944
|
| 797 |
2 |
|
|a ProQuest (Firm)
|
| 830 |
|
0 |
|a Veroffentlichungen des Deutschen Historischen Instituts in London ;
|v Band 72.
|
| 830 |
|
0 |
|a Publications of the German Historical Institute London ;
|v Volume 72.
|
| 856 |
4 |
0 |
|u https://ebookcentral.proquest.com/lib/matrademy/detail.action?docID=1346114
|z Click to View
|